| 000 | 00951cam a22002411i 4500 | ||
|---|---|---|---|
| 003 | SA-RiAUC | ||
| 005 | 20241014082050.0 | ||
| 008 | 241013s2009 le g 000 0bara c | ||
| 040 |
_aSA-RiAUC _bara _cSA-RiAUC _erda |
||
| 082 | 0 | 4 |
_a239 _qSA-RiAUC |
| 090 |
_a239 _bح س ن |
||
| 100 | 1 |
_aالحسني، محمد بن علوي المالكي، _d1367-1425 هجري _eمؤلف. |
|
| 245 | 1 | 2 |
_aالذخائر المحمدية / _cمحمد بن علوي بن عباس الحسني. |
| 264 | 1 |
_aالقاهرة: _bدار جوامع الكلم: _c1993 |
|
| 300 |
_a407 صفحة؛ _b23 سم, |
||
| 336 |
_aنص _btxt _2rdacontent _3كتاب |
||
| 337 |
_aبدون وسيط _bn _2rdamedia |
||
| 338 |
_aمجلد _bnc _2rdacarrier |
||
| 600 | 0 | 7 |
_aمحمد (صلى الله عليه وسلم)، _d53 قبل الهجرة-11 هجري _2aucnm |
| 650 | 7 |
_aالسيرة النبوية _2aucsh |
|
| 942 |
_2ddc _cBOOK _n0 |
||
| 949 |
_aSA-JeALM _d241013 _umohamedma123 _n1 |
||
| 999 |
_c1301 _d1301 |
||